Charter of the united nations and the statute of international court of justice: (Record no. 36033)

MARC details
000 -LEADER
fixed length control field 00775nam a22002057a 4500
005 - DATE AND TIME OF LATEST TRANSACTION
control field 20100513151551.0
008 - FIXED-LENGTH DATA ELEMENTS--GENERAL INFORMATION
fixed length control field 100513t xxu||||| |||| 00| 0 eng d
010 ## - LCCN (DPL NO)
LC control number ENG-96056
020 ## - INTERNATIONAL STANDARD BOOK NUMBER
International Standard Book Number 9788120340428
Terms of availability 95.00
035 ## - SYSTEM CONTROL NUMBER
System control number EN-79589
037 ## - SOURCE OF ACQUISITION
Source of stock number/acquisition DBAD/PUB
040 ## - CATALOGING SOURCE
Original cataloging agency DPL
100 ## - MAIN ENTRY--PERSONAL NAME
Personal name Sharma, Brij Kishore
245 ## - TITLE STATEMENT
Title Charter of the united nations and the statute of international court of justice:
Statement of responsibility, etc by Brij Kishore Sharma
Remainder of title alongwith vothing procedure in the security council /
260 ## - PUBLICATION, DISTRIBUTION, ETC. (IMPRINT)
Place of publication, distribution, etc New Delhi
Name of publisher, distributor, etc PHI learning
Date of publication, distribution, etc 2010
270 ## - ADDRESS
Address M-97,Connaught Circus
City New Delhi.
Postal code 110001
300 ## - PHYSICAL DESCRIPTION
Extent xv,82p.;
Dimensions 20cm.(Pbk)
942 ## - ADDED ENTRY ELEMENTS (KOHA)
Source of classification or shelving scheme Dewey Decimal Classification
Item type English Books
Call number suffix SHA
Holdings
Withdrawn status Lost status Source of classification or shelving scheme Damaged status Not for loan Collection code Home library Current library Date acquired Source of acquisition Cost, normal purchase price Total Checkouts Full call number Barcode Date last seen Copy number Cost, replacement price Koha item type
    Dewey Decimal Classification   Not For Loan Non-fiction D.B.Act.Division D.B.Act.Division 05/04/2010 DBAD/PUB 95.00   SHA EN-79589 13/05/2010 1 95.00 English Books

© Delhi Public Library
Hit Counter
free hit counter